| 000 | 01292cam a2200301 a 4500 | ||
|---|---|---|---|
| 005 | 20160209101426.0 | ||
| 008 | 050718s2005 ck abo r 00010 spa d | ||
| 020 | _a9583377414 | ||
| 040 |
_ala _cla _dCO-BoIAVH |
||
| 041 | 0 | _aspa | |
| 044 | _ack | ||
| 082 | 0 | 4 |
_a583.22 _bV44m |
| 100 | 1 | _aVelásquez Rúa, César. | |
| 245 | 1 | 0 |
_aMagnoliáceas de Antioquia / _ctextos César Velásquez Rúa & Marcela Serna González ; ilustraciones Jhon Jairo Colorado ; fotografías Marcela Serna González. |
| 260 |
_aMedellín : _bJardín Botánico Joaquín Antonio Uribe, _c2005. |
||
| 300 |
_a32 páginas : _bilustraciones, mapas, fotos ; _c23 x 17 cm. |
||
| 504 | _aIncluye bibliografía. | ||
| 650 | 6 |
_aMagnoliaceae _x Clasificación _z Antioquia (Colombia) |
|
| 650 | 6 |
_aMagnoliaceae _x Morfología _z Antioquia (Colombia) |
|
| 650 | 6 |
_aMagnoliaceae _x Fenología _z Antioquia (Colombia) |
|
| 650 | 6 |
_aMagnoliaceae _z Antioquia (Colombia) |
|
| 650 | 6 |
_aMagnoliáceas _z Antioquia (Colombia) |
|
| 650 | 6 |
_aBotánica _z Antioquia (Colombia) |
|
| 700 | 1 |
_aSerna González, Marcela, _efotografía |
|
| 700 | 1 |
_aColorado, Jhon Jairo, _eilustrador |
|
| 700 | 1 |
_aRueda Ossa, Paola Andrea, _eedición |
|
| 942 |
_2ddc _cFolleto |
||
| 999 |
_c4875 _d4875 |
||